00000000nam##2200000za#4500
0019.531614
003CaOODSP
00520200327071648
007ta
008150406|1999||||xxc|||||     f|0| 0 eng|d
020 |a0-660-60807-3
040 |aCaOODSP|beng
041 |aeng
041 |afre
043 |an-cn---
0861 |aBT31-2/2000-III-20
1101 |aCanada. |bTreasury Board.
24510|aDepartment of Justice
260 |aOttawa - Ontario : |bTreasury Board of Canada Secretariat |c1999.
300 |aEnglish text, 37p. : |borganization chart, tables ; |c28 cm.
4901 |a1999-2000 estimates, part III: Report on plans and priorities
546 |aBilingual
563 |aSoftcover
590 |a99-13|b1999-04-01
69007|aEstimates|2gcpds
7760#|tDepartment of Justice, 1999-2000 estimates, a report on plans and priorities, approved |w(CaOODSP)9.567717
7760#|tMinistère de la Justice, budget des dépenses 1999-2000, un rapport sur les plans et les priorités, approuvé |w(CaOODSP)9.599046
792 |tMinistère de la Justice |efre|w(CaOODSP)9.531615
830#0|a1999-2000 estimates, part III: Report on plans and priorities.|w(CaOODSP)9.508962